Which Movie is Best - DCEU Edition - Sudden Death - Statistics

General Stats
  • This quiz has been taken 11 times
  • The average score is 3 of 9
Answers on the Grid
Answers color-coded by a green-red scale on the quiz's grid according to % correct below.
Wonder Woman
Man of Steel
Justice League (1)
Batman v Superman: Dawn of Justice
Suicide Squad
Shazam! Fury of the Gods
Wonder Woman 1984
Black Adam
The Batman
The Flash
Zack Snyder’s Justice League
Aquaman and the Lost Kingdom
The Suicide Squad
Shazam!
The Flash
Superman (2025)
Birds of Prey
Blue Beetle
Green Lantern (Included for space purposes)
Supergirl?
Aquaman
 
Answer Stats
Answer % Correct
Superman (2025)
67%
The Batman
50%
Wonder Woman
50%
Aquaman
33%
The Suicide Squad
33%
Zack Snyder’s Justice League
33%
Batman v Superman: Dawn of Justice
0%
Shazam!
0%
The Flash
0%
No matching quizzes found
Score Distribution
Percent of People with Each Score
Percentile by Number Answered
Your Score History
You have not taken this quiz